Think! : (Record no. 542057)

000 -LEADER
fixed length control field 00616cam a22002054a 4500
020 ## - INTERNATIONAL STANDARD BOOK NUMBER
International Standard Book Number 0091924081 (hbk.)
020 ## - INTERNATIONAL STANDARD BOOK NUMBER
International Standard Book Number 009192409X (pbk.)
020 ## - INTERNATIONAL STANDARD BOOK NUMBER
International Standard Book Number 9780091924089 (hbk.)
020 ## - INTERNATIONAL STANDARD BOOK NUMBER
International Standard Book Number 9780091924096 (pbk.)
082 04 - DEWEY DECIMAL CLASSIFICATION NUMBER
Classification number 153.42
Author Mark BON
-- N-01,P-191
100 1# - MAIN ENTRY--PERSONAL NAME
Personal name De Bono, Edward,
9 (RLIN) 37018
245 10 - TITLE STATEMENT
Title Think! :
Remainder of title before it's too late /
Statement of responsibility, etc. Edward De Bono.
260 ## - PUBLICATION, DISTRIBUTION, ETC.
Place of publication, distribution, etc. London :
Name of publisher, distributor, etc. Vermilion,
Date of publication, distribution, etc. 2009.
300 ## - PHYSICAL DESCRIPTION
Extent vii, 258 p. :
Other physical details ill. ;
Dimensions 22 cm.
526 ## - STUDY PROGRAM INFORMATION NOTE
Program name 0
Interest level 0
Reading level 0
Title point value 153_420000000000000_BON
650 #0 - SUBJECT ADDED ENTRY--TOPICAL TERM
Topical term or geographic name entry element Creative thinking.
9 (RLIN) 37154
650 #0 - SUBJECT ADDED ENTRY--TOPICAL TERM
Topical term or geographic name entry element NUST
9 (RLIN) 6342
650 #0 - SUBJECT ADDED ENTRY--TOPICAL TERM
Topical term or geographic name entry element Problem solving.
9 (RLIN) 4470
942 ## - ADDED ENTRY ELEMENTS (KOHA)
Source of classification or shelving scheme
Koha item type Book
Holdings
Withdrawn status Lost status Source of classification or shelving scheme Damaged status Not for loan Permanent Location Current Location Date acquired Total Checkouts Total Renewals Full call number Barcode Date last seen Date last checked out Price effective from Koha item type
          Military College of Engineering (MCE) Military College of Engineering (MCE) 09/19/2013 14 1 153.42 BON MCE-39371 11/23/2020 11/12/2020 09/19/2013 Book
© 2023 Central Library, National University of Sciences and Technology. All Rights Reserved.